Treasures of the Medranes (Record no. 619)

MARC details
000 -LEADER
fixed length control field 00298nam a2200109 4500
008 - FIXED-LENGTH DATA ELEMENTS--GENERAL INFORMATION
fixed length control field 160623b xxu||||| |||| 00| 0 eng d
100 ## - MAIN ENTRY--PERSONAL NAME
9 (RLIN) 772
Personal name Atkins, E.H
245 ## - TITLE STATEMENT
Title Treasures of the Medranes
260 ## - PUBLICATION, DISTRIBUTION, ETC. (IMPRINT)
Place of publication, distribution, etc. California
Name of publisher, distributor, etc. Parnassus Press
Date of publication, distribution, etc. 1957
300 ## - PHYSICAL DESCRIPTION
Extent Treasures of the Medranes
942 ## - ADDED ENTRY ELEMENTS (KOHA)
Source of classification or shelving scheme Dewey Decimal Classification
Koha item type BOOK
Holdings
Withdrawn status Lost status Source of classification or shelving scheme Damaged status Not for loan Home library Current library Shelving location Date acquired Total Checkouts Full call number Barcode Date last seen Price effective from Koha item type
    Dewey Decimal Classification     Good Samaritan School Library Good Samaritan School Library FICTION 06/23/2016   823 ATK1421 06/23/2016 06/23/2016 BOOK

Powered by Koha